Most Successful Clubs in Europe - Statistics

General Stats
  • This quiz has been taken 34 times
  • The average score is 15 of 21
Answer Stats
Trophies Club % Correct
46 Inter Milan
96%
70 Liverpool
96%
68 Manchester United
96%
106 Real Madrid
96%
102 Barcelona
92%
71 Juventus
92%
28 Marseille
92%
85 Bayern Munich
88%
55 PSG
88%
49 Chelsea
85%
75 Ajax
81%
22 Borussia Dortmund
81%
86 Porto
77%
50 Milan
73%
54 PSV Eindhoven
65%
58 Sporting CP
65%
91 Benfica
58%
39 Feyenoord
50%
17 Schalke 04
31%
24 Saint-Etienne
27%
36 Athletic Bilbao
15%
No matching quizzes found
Score Distribution
Percent of People with Each Score
Percentile by Number Answered
Your Score History
You have not taken this quiz